000 00753nmc a2200289 a 4500
003 AR-BaBNM
005 20251128205050.0
008 011101s1991 ||||||||||||||000 | spa||
020 _a950-701-061-0
040 _cAR-BaBNM
100 1 _aFernández, Arturo
245 1 0 _aMovimientos sociales en América Latina
250 _a1ª ed.
260 _aBuenos Aires
_bAique
_c1991
300 _a60 p.
490 0 _aCuadernos. Ciencias sociales
650 4 _aPOLITICA
650 4 _aMOVIMIENTOS POLITICOS
650 4 _aPROCESOS SOCIALES
650 4 _aSOCIOLOGIA
650 4 _aDEMOCRACIA
651 4 _aAmérica Latina
700 1 _aAuyero, Carlos A.
_eprologuista
800 1 _aDe Lella, Cayetano
_edirector
942 _cBK
998 _cEnrique
999 _c9843
_d9843